00810nam a2200229 a 450000100060000000300080000600500170001400800410003103500190007204000310009104100080012208200240013024500760015426000540023030000340028450400310031865000310034970000310038094200120041199900170042395201400044068423BD-RjUL20211209081755.0170403r19651950maua b 001 0 eng  a(BD-RjUL)68633 aDLC/ICUcICUdBD-RjULbeng aeng00a636.9223bCAR 196510aThe care and breeding of laboratory animals /cEditors; Edmond J Farris aNew York : bWiley, c1950, [sixth printing 1965] axiv, 515 p. :bill. ;c25 cm. aBibliographical footnotes. aLaboratory animals9201067 aFarris, Edmond J. 9202856 2ddccBK c68423d68423 00102ddc40718NFICaRUCLbRUCLcReadingd1967-08-17eBook reviewg90.00l0o636.9 CAR 1965r2017-04-03 00:00:00tC-1w2017-04-03yBK